000 01161nam a2200325 a 4500
001 000115310
003 CHAP
005 20220329144529.0
008 190502s2018 mx a |sm |||||||spa d
010 _a111771
011 _a112743
040 _cCHAP
090 _aTesis
100 1 _aRincón Medina, Emmanuel.
_9135527
245 1 0 _aResistencia del ensamble en esquina con conector minifix en tablero enlistonado
_h[En línea]
_cpor Emmanuel Rincón Medina.
260 _aChapingo, Méx. :
_bEl autor,
_c2018.
500 _aPara ver el contenido del material haga clic en la liga
502 _aTesis (Ing. Forestal Industrial) -- UACH. División de Ciencias Forestales
590 _aBATCH-UPD
_b05
_c20190502
_lUCH01
_h1512
590 _aE6339RRR
_b05
_c20190502
_lUCH01
_h1511
590 _aE6339RRR
_b05
_c20190502
_lUCH01
_h1512
590 _aE6339RRR
_b05
_c20190502
_lUCH01
_h1513
650 1 4 _aIngeniería
_xMateriales.
_958189
650 1 4 _aMadera
_xEnsamblado.
_969606
650 1 4 _aResistencia de materiales.
_996123
856 _aFinding aid
_uhttp://10.13.5.2/tesis/sist115310.pdf
_zTeclea aquí
901 _aBK
942 _cTESIS
942 _n0
999 _c111771
_d111771